000 01277cam a2200205 4500500
005 20251228060005.0
041 _afre
042 _adc
100 1 0 _aGratier, Maya
_eauthor
245 0 0 _aHarmonies entre mère et bébé
260 _c2001.
500 _a72
520 _aRésumé La sensibilité au temps est-elle innée ? Les recherches sur les interactions nourrisson-adulte suggèrent que dès la naissance, le bébé est capable d’appréhender le rythme et qu’il est particulièrement sensible au rythme des interactions sociales naturelles. L’analyse des interactions vocales précoces offre des éclairages importants sur la façon dont le bébé s’accorde et s’ajuste de manière dynamique et créative aux expressions de l’adulte. Par ailleurs, le bébé semble doué d’une sensibilité quasi musicale à l’interaction entre rythme et mélodie dans la voix, lui permettant de moduler ses vocalisations afin d’optimiser leur expressivité.
690 _aé précoce
690 _aé
690 _arythme
690 _asynchronie interactionnelle
786 0 _nEnfances & Psy | 13 | 1 | 2001-03-01 | p. 9-15 | 1286-5559
856 4 1 _uhttps://shs.cairn.info/revue-enfances-et-psy-2001-1-page-9?lang=fr&redirect-ssocas=7080
999 _c1586702
_d1586702